Les ressources mondiales et l'economie Francaise

Salvato in:
Dettagli Bibliografici
Natura: Libro
Lingua:Undetermined
Pubblicazione: [Paris] Jamvier 1975
Soggetti:
Tags: Aggiungi Tag
Nessun Tag, puoi essere il primo ad aggiungerne! !
Thư viện lưu trữ: Trung tâm Học liệu Trường Đại học Cần Thơ
LEADER 00415nam a2200157Ia 4500
001 CTU_79913
008 210402s9999 xx 000 0 und d
082 |a 330 
082 |b R435 
245 0 |a Les ressources mondiales et l'economie Francaise 
260 |a [Paris] 
260 |b Jamvier 
260 |c 1975 
650 |a Economics 
904 |i Trọng Hải 
980 |a Trung tâm Học liệu Trường Đại học Cần Thơ